Statistics for Biggest Cities Within 10° of the Equator

Click here to take the quiz!

General Stats

  • This quiz has been taken 25 times
  • The average score is 7 of 10

Answer Stats

PopulationCity% Correct
30,214,303Jakarta
95%
11,855,000Kinshasa
95%
10,700,000Bogota
95%
6,547,547Nairobi
95%
21,000,000Lagos
90%
7,200,000Kuala Lumpur
76%
7,805,000Luanda
52%
13,123,948Surabaya
48%
6,000,000Abuja
38%
5,648,000Colombo
38%

Score Distribution

Percentile by Number Answered

Percent of People with Each Score

Your Score History

You have not taken this quiz